书目信息 |
| 题名: |
女人脱俗
|
|
| 作者: | 赵红 编著 | |
| 分册: | ||
| 出版信息: | 北京 世界图书出版公司 2000.06 |
|
| 页数: | 305页 | |
| 开本: | 32开 | |
| 丛书名: | ||
| 单 册: | ||
| 中图分类: | B844.5 | |
| 科图分类: | ||
| 主题词: | 发展心理学 | |
| 电子资源: | ||
| ISBN: | 7-5062-4305-9 | |
| 000 | 00530nam0 2200193 45 | |
| 001 | 0011111547 | |
| 005 | 20001111155045.6 | |
| 010 | @a7-5062-4305-9@d13.80元 | |
| 100 | @a20001111d2000 km y0chiy0120 ea | |
| 101 | 0 | @achi |
| 105 | @a z 000yy | |
| 200 | 1 | @a女人脱俗@ANu Ren Tuo Su@f赵红编著@FZhao Hong Bian Zhu |
| 210 | @a北京@c世界图书出版公司@d2000.06 | |
| 215 | @a305页@d32开 | |
| 606 | 0 | @a发展心理学 |
| 690 | @aB844.5@v3 | |
| 701 | 0 | @a赵红@4编著 |
| 801 | @aCN@bPftUser@c20001111 | |
| 905 | @b401882-886@dB844.5@eZH.294@f5 | |
| 女人脱俗/赵红编著.-北京:世界图书出版公司,2000.06 |
| 305页;32开 |
| ISBN 7-5062-4305-9:13.80元 |
| ● |
| 相关链接 |
|
|
|
正题名:女人脱俗
索取号:B844.5/ZH.294
 
预约/预借
| 序号 | 登录号 | 条形码 | 馆藏地/架位号 | 状态 | 备注 |
| 1 | 401882 | 204018829 | 社科库509/509社科库 39排3列4层/ [索取号:B844.5/ZH.294] | 在馆 | |
| 2 | 401883 | 204018838 | 社科库509/509社科库 42排3列4层/ [索取号:B844.5/ZH.294] | 在馆 | |
| 3 | 401884 | 204018847 | 社科库509/509社科库 39排3列4层/ [索取号:B844.5/ZH.294] | 在馆 | |
| 4 | 401885 | 204018856 | 社科库509/ [索取号:B844.5/ZH.294] | 在馆 | |
| 5 | 401886 | 204018865 | 社科库509/509社科库 39排3列4层/ [索取号:B844.5/ZH.294] | 在馆 |